000 00417nam a2200169Ia 4500
005 20250423100150.0
008 250422s9999 xx 000 0 und d
020 _a0874881161
050 _aRF 46 .F36/
245 0 _aMedical examination review book: otolaryngology
250 _a4th ed
260 _aFlushing, N.Y
260 _bMedical examination Pub. Co.
260 _c1987
300 _a360 p
942 _cBK
999 _c32477
_d32477